Kỹ thuật lập trình Access trên Windows
Gorde:
| Egile nagusia: | |
|---|---|
| Formatua: | Liburua |
| Hizkuntza: | Undetermined |
| Argitaratua: |
hà Nội
KHKT
1997
|
| Gaiak: | |
| Etiketak: |
Etiketa erantsi
Etiketarik gabe, Izan zaitez lehena erregistro honi etiketa jartzen!
|
| Thư viện lưu trữ: | Trung tâm Học liệu Trường Đại học Cần Thơ |
|---|
| LEADER | 00617nam a2200193Ia 4500 | ||
|---|---|---|---|
| 001 | CTU_35030 | ||
| 008 | 210402s9999 xx 000 0 und d | ||
| 020 | |b 30.000đ | ||
| 082 | |a 005.713 | ||
| 082 | |b Â124 | ||
| 100 | |a Phạm Văn ất | ||
| 245 | 0 | |a Kỹ thuật lập trình Access trên Windows | |
| 245 | 0 | |c Phạm Văn ất | |
| 260 | |a hà Nội | ||
| 260 | |b KHKT | ||
| 260 | |c 1997 | ||
| 650 | |a access ( computer program language ),database management - computer programs,databases - access control | ||
| 904 | |i Minh, 000215 | ||
| 980 | |a Trung tâm Học liệu Trường Đại học Cần Thơ | ||